| 000 | 00424pab a2200169 454500 | ||
|---|---|---|---|
| 008 | 180718b1970 xxu||||| |||| 00| 0 eng d | ||
| 100 | _aParanjape, H.K. | ||
| 245 | _aCentre-state relations in planning | ||
| 260 | _c1970 | ||
| 300 | _ap.47-83. | ||
| 362 | _aJan-Mar | ||
| 650 | _aPlanning | ||
| 650 | _aFederal state relations | ||
| 773 | _aIndian Journal of Public Administration | ||
| 908 | _aN | ||
| 909 | _a100023 | ||
| 999 |
_c100022 _d100022 |
||